000
00322nam a22001457a 4500
008
210526b ||||| |||| 00| 0 eng d
020
_a
9781847871756
041
_a
eng
080
_a
37
082
_a
37
100
_a
46
101
_a
EDU
245
_a
Doing and Writing Action Research
_c
Jean Mcniff
942
_2
udc
_c
BK
999
_c
57654
_d
57654